| 000 | 00574nam 22001933 4500 | ||
|---|---|---|---|
| 001 | 199029 | ||
| 090 | _a199029 | ||
| 100 | _a20251113d u||y0pory50 ba | ||
| 200 |
_aPsicoses e neuroses _fHenri Baruk _gtradução de Sílvia Machado de Carvalho |
||
| 210 |
_a[s. l.] _cEuropa-América _dimp. 1978 |
||
| 215 |
_a119, [9] p. _cbrochado _d18 cm |
||
| 225 |
_aSaber _h124 |
||
| 606 |
_9927 _aMedicina |
||
| 675 |
_a61 _vPT _zpor |
||
| 700 |
_914933 _aBaruk _bHenri _f1897-1999 |
||
| 702 |
_914934 _aCarvalho _bSílvia Machado de |
||
| 801 |
_aPT _bBMMN _gRPC |
||
| 830 | _cVanda | ||
| 990 | _cLIVROS | ||